[Event "FRA-chT U20 16 GP Haute 1213"]
[Site "France"]
[Date "2013.05.19"]
[Round "9"]
[White "Quan, Leya"]
[Black "Bassini, Emile"]
[Result "1-0"]
[WhiteElo "1160"]
[BlackElo "1476"]
[PlyCount "103"]
[EventDate "2012.12.01"]
[EventType "team"]
[EventRounds "11"]
[EventCountry "FRA"]
[SourceTitle "EXT 2014"]
[Source "ChessBase"]
[SourceDate "2013.11.20"]
[SourceVersion "1"]
[SourceVersionDate "2013.11.20"]
[SourceQuality "1"]
[WhiteTeam "Mulhouse (U20)"]
[BlackTeam "Bois Colombes (U20)"]
[WhiteTeamCountry "FRA"]
[BlackTeamCountry "FRA"]

1. d4 d5 2. c4 c6 3. Nc3 Nf6 4. Nf3 Bf5 5. e3 Nbd7 6. Be2 e6 7. 0-0 Bd6 8. Nh4 Bg6 9. Nxg6 hxg6 10. h3 dxc4 11. Bxc4 e5 12. d5 e4 13. dxc6 Ne5 14. cxb7 Rb8 15. Qa4+ Kf8 16. Ba6 Nfg4 17. Nxe4 Qh4 18. f4 f5 19. fxe5 Bxe5 20. Qb4+ Kg8 21. Bc4+ Kh7 22. Ng5+ Qxg5 23. hxg4 Qh4 24. Rf3 fxg4 25. Bg8+ Kxg8 26. Qc4+ Kh7 27. Rh3 gxh3 28. Qxh4+ Kg8 29. Qc4+ Kh7 30. gxh3 Rxb7 31. Qe4 Bxb2 32. Qxb7 Bxa1 33. Qxa7 Rd8 34. Qa4 Bf6 35. Qg4 Ra8 36. Qg2 Rc8 37. Bb2 Bxb2 38. Qxb2 Re8 39. Qd4 Ra8 40. Qh4+ Kg8 41. Qe7 Kh7 42. Qe6 Rb8 43. Kg2 Rb2+ 44. Kg3 Rb4 45. a3 Ra4 46. Qb3 Re4 47. a4 Re5 48. Qc3 Re6 49. a5 Ra6 50. Qc5 Kh6 51. h4 Kh7 52. h5 1-0

[Event "FRA-chT U20 1112"]
[Site "France"]
[Date "2011.12.17"]
[Round "4"]
[White "Quan, Leya"]
[Black "Meric, Geoffrey"]
[Result "0-1"]
[WhiteElo "1160"]
[BlackElo "1009"]
[PlyCount "68"]
[EventDate "2011.12.03"]
[EventType "team-swiss"]
[EventRounds "7"]
[EventCountry "FRA"]
[SourceTitle "EXT 2013"]
[Source "ChessBase"]
[SourceDate "2012.11.22"]
[SourceVersion "1"]
[SourceVersionDate "2012.11.22"]
[SourceQuality "1"]

1. e4 e5 2. Nf3 Nc6 3. Bb5 d6 4. 0-0 Nf6 5. d4 Bd7 6. Bg5 h6 7. Bh4 a6 8. Ba4 b5 9. Bb3 Be7 10. d5 Nb4 11. Nc3 Nxe4 12. Nxe4 Bxh4 13. Nxh4 Qxh4 14. Re1 0-0 15. Qd2 a5 16. a3 Nxc2 17. Bxc2 f5 18. Nc3 b4 19. axb4 axb4 20. Ne2 c6 21. Bb3 Kh8 22. Rxa8 Rxa8 23. Qxb4 Qe7 24. Rc1 Qf8 25. dxc6 Bxc6 26. h3 Rb8 27. Qc3 Bb7 28. Bc2 Qf6 29. Bb1 Qg5 30. g3 Qh5 31. Kh2 Qxe2 32. Rc2 Qf1 33. f3 Bxf3 34. Ba2 Qh1# 0-1